Central Library OPAC University of Rajshahi

From tradition to modernity (Record no. 2025)

MARC details
000 -LEADER
fixed length control field 00816cam a2200277 4500
001 - CONTROL NUMBER
control field 2025
003 - CONTROL NUMBER IDENTIFIER
rucl marc code BD-RjUL
005 - DATE AND TIME OF LATEST TRANSACTION
control field 20211208233451.0
008 - FIXED-LENGTH DATA ELEMENTS--GENERAL INFORMATION
fixed length control field 131210c19731943ii b 001 0 eng
035 ## - SYSTEM CONTROL NUMBER
System control number (BD-RjUL)2052
040 ## - CATALOGING SOURCE
Original cataloging agency DLC
Transcribing agency DLC
Modifying agency DLC
-- BD-RjUL
Language of cataloging eng
041 ## - LANGUAGE CODE
Language code of text/sound track or separate title eng
082 00 - DEWEY DECIMAL CLASSIFICATION NUMBER
Classification number 309.154
Author mark and year KUF
100 1# - MAIN ENTRY--PERSONAL NAME
Personal name Kuthiala, S. K.,
Dates associated with a name 1943-
9 (RLIN) 6640
245 10 - TITLE STATEMENT
Title From tradition to modernity
Statement of responsibility, etc. [by] S. K. Kuthiala.
260 ## - PUBLICATION, DISTRIBUTION, ETC. (IMPRINT)
Place of publication, distribution, etc. New Delhi :
Name of publisher, distributor, etc. Abhinav Publications,
Date of publication, distribution, etc. 1973.
300 ## - PHYSICAL DESCRIPTION
Pagination xv, 227 p.;
Size 22 cm.
350 ## - PRICE (NR) (BK AM CF MU VM SE) [OBSOLETE]
Price Rs27.00 ($5.50 U.S.)
504 ## - BIBLIOGRAPHY, ETC. NOTE
Bibliography, etc Includes Bibliography: p. 149-159 and index
650 #0 - SUBJECT ADDED ENTRY--TOPICAL TERM
Topical term or geographic name as entry element Industries
Geographic subdivision India.
9 (RLIN) 6641
Topical term or geographic name as entry element Cities and towns
Geographic subdivision India.
9 (RLIN) 6642
Topical term or geographic name as entry element Industrialization
Geographic subdivision India.
9 (RLIN) 6643
942 ## - ADDED ENTRY ELEMENTS (KOHA)
Source of classification or shelving scheme Dewey Decimal Classification
Koha item type Books
Holdings
Lost status Source of classification or shelving scheme Damaged status Not for loan Collection code Permanent Location Current Location Shelving location Date acquired Source of acquisition Cost, normal purchase price Total Checkouts Full call number Date last seen Copy number Koha item type
  Dewey Decimal Classification   Not For Loan Non-fiction Central Library, University of Rajshahi Central Library, University of Rajshahi Reading Room 27/09/1978 India int.Calcuta 27.50   309.154 KUF 1973 10/12/2013 C-1 Books